000 00726nam a2200241Ia 4500
003 OSt
005 20221005130657.0
006 a|||||r|||| 00| 0
007 ta
008 221004b |||||||| |||| 00| 0 eng d
024 _a44090
037 _cTextual
040 _aCRL
_cCRL
_beng
041 _2eng
_aeng
082 _aO15:9xH35:1:2, E2 close sec
100 _aViswanatha Kaviraja
_9634918
245 0 _aSahitya darpana with the comm of Ramacarana Tarka-vagisa and ed by Gurunatha Bhattacharya
260 _c1912
650 _a ENGLISH LITERATURE
650 _aSANSKRIT LITERATURE
942 _hO15:9xH35:1:2, E2 close sec
_cTEXL
_2cc
999 _c1058003
_d1058003